[Event "45th Olympiad 2024"]
[Site "Budapest HUN"]
[Date "2024.09.14"]
[Round "4.56"]
[Board "3"]
[White "Chashawa, Shaief"]
[Black "Yang, ching Wei"]
[Result "0-1"]
[WhiteElo "1825"]
[BlackElo "2121"]
[PlyCount "104"]
[EventDate "2024.09.11"]
[WhiteTeam "Suriname"]
[BlackTeam "Chinese Taipei"]
[WhiteTeamCountry "SUR"]

1. e4 c5 2. Nf3 d6 3. d4 cxd4 4. Nxd4 Nf6 5. Nc3 Nc6 6. Bg5 e6 7. Qd2 a6 8. O-O-O Bd7 9. Kb1 Be7 10. h4 b5 11. Nxc6 Bxc6 12. f3 b4 ({RR} 12... Qc7 13. Ne2 h6 14. Be3 d5 15. e5 Nd7 16. f4 Nc5 17. Nd4 Ne4 18. Qe1 Bd7 19. g4 O-O-O 20. Bd3 g5 21. f5 gxh4 22. f6 Bc5 23. Rxh4 Qxe5 24. Bxe4 Qxe4 25. Qc3 Kb7 26. Nxe6 Bxe6 27. Qxc5 {1-0 Giri,A (2764)-Vachier Lagrave,M (2784) Opera Euro Rapid Prelim 2021 (9)}) 13. Bxf6 $146 ({RR} 13. Ne2 Qb6 14. Be3 Qb7 15. Nd4 Bd7 16. g4 a5 17. Bd3 a4 18. h5 h6 19. Qe2 Ra5 20. Bc1 Nh7 21. f4 Bf6 22. Nf3 Bc6 23. Rhg1 a3 24. b3 Bc3 25. Nd2 Bxd2 26. Bxd2 Nf6 27. Qe1 Nh7 {1-0 Barbosa,E (2476)-Paredes Lagos,A (2211) Zonal 2.4 2022 (6.3)}) ({RR} 13. Ne2 Qa5 14. Nd4 Bd7 15. Bd3 Rc8 16. Nb3 Qb6 17. Be3 Qb7 18. Na5 Qc7 19. Qxb4 Rb8 20. Qd2 Bb5 21. g4 d5 22. g5 Nd7 23. exd5 Bxd3 24. cxd3 Bb4 25. Qc1 Qxa5 26. dxe6 fxe6 27. Qc6 Bc3 {0-1 Acikel,M (2244)-Namitbir,S (2376) Titled Tue 2nd Apr Early 2024 (3)}) 13... gxf6 14. Ne2 Qb6 15. Nd4 Bd7 16. Qe3 Qc5 17. Qd2 a5 18. Nb3 Qb6 19. Qd4 Qc7 20. Nd2 h5 21. Nc4 Ra6 22. Ne3 Rb6 23. g4 a4 24. g5 Qc5 25. f4 Qxd4 26. Rxd4 fxg5 27. hxg5 b3 28. axb3 axb3 29. c3 Kf8 30. Nc4 Rc6 31. Be2 h4 32. e5 d5 33. Nd2 Rb6 34. c4 Bc5 35. Rd3 Bc6 36. Bf3 dxc4 37. Rd8+ Kg7 38. Rxh8 Kxh8 39. Bxc6 Rxc6 40. Ne4 Be7 41. Rxh4+ Kg7 42. Rh1 Kg6 43. Ng3 Rc8 44. Rh6+ Kg7 45. Nh5+ Kg8 46. g6 Rd8 47. Kc1 Bc5 48. Nf6+ Kg7 49. Rh3 Kxg6 50. Ne4 Bb4 51. Rf3 Kf5 52. Nf2 Rg8 0-1

[Event "45th Olympiad 2024"]
[Site "Budapest HUN"]
[Date "2024.09.14"]
[Round "4.56"]
[Board "4"]
[White "Wang, Ting-Hao"]
[Black "Kalka, Shiva"]
[Result "1-0"]
[WhiteElo "1842"]
[BlackElo "1849"]
[PlyCount "65"]
[EventDate "2024.09.11"]
[WhiteTeam "Chinese Taipei"]
[BlackTeam "Suriname"]
[BlackTeamCountry "SUR"]

1. e4 c5 2. Nf3 e6 3. g3 Nc6 4. Bg2 d6 5. d4 cxd4 6. Nxd4 Be7 7. O-O Nxd4 8. Qxd4 Bf6 9. Qd3 a5 $146 ({RR} 9... Qb6 10. Nc3 Bd7 11. a4 a6 12. Ra3 Bc6 13. Be3 Qa5 14. Rb3 Be7 15. f4 Qh5 16. f5 Nf6 17. h3 g5 18. fxe6 fxe6 19. e5 Nd5 20. Nxd5 exd5 21. Bxd5 Qxh3 22. Bxc6+ bxc6 23. Bd4 d5 24. c4 {½-½ Faralisz,P (1863)-Siegl,M (1988) Nuremberg Zabo op 19th 2017 (5)}) 10. Rd1 Ra6 11. Na3 Bd7 12. Nc4 Be7 13. a4 Nf6 14. e5 dxe5 15. Bxb7 Ra7 16. Bg2 Qc7 17. Be3 Ra6 18. Qb3 O-O 19. Qd3 Rc8 20. b3 Bb4 21. Rab1 e4 22. Bxe4 Nxe4 23. Qxe4 Bc6 24. Qh4 Bb7 25. Rf1 e5 26. f3 Re6 27. Rbd1 h6 28. Kg2 g5 29. Qg4 Rg6 30. Rd7 Qc6 31. Nxe5 f5 32. Qh5 Qxc2+ 33. Rf2 1-0

[Event "45th Olympiad 2024"]
[Site "Budapest HUN"]
[Date "2024.09.14"]
[Round "4.57"]
[Board "1"]
[White "Ahmed Hassan"]
[Black "Ebosse Kingue Victor Patrick"]
[Result "1-0"]
[WhiteElo "2234"]
[BlackElo "2014"]
[PlyCount "112"]
[EventDate "2024.09.11"]
[WhiteTeam "Sudan"]
[BlackTeam "Cameroon"]
[WhiteTeamCountry "SUD"]
[BlackTeamCountry "CAM"]

1. e4 c5 2. Nf3 d6 3. d4 cxd4 4. Nxd4 Nf6 5. Nc3 a6 6. Bg5 Nbd7 7. f4 h6 8. Bh4 b5 ({RR} 8... g6 9. Qe2 e5 10. Nf3 Qc7 11. fxe5 dxe5 12. O-O-O Bg7 13. g4 O-O 14. g5 hxg5 15. Bxg5 b5 16. h4 Bb7 17. Bh3 b4 18. Nd5 Nxd5 19. exd5 e4 20. Qxe4 b3 21. axb3 Nc5 22. Qc4 Qa5 23. Kb1 {0-1 Griffith,K (2351)-Anisimov,P (2527) Titled Tuesday intern op 5th March blitz 2019 (5)}) 9. Qf3 Bb7 10. O-O-O Qa5 $146 ({RR} 10... e6 11. Bd3 Be7 12. f5 e5 13. Nb3 b4 14. Bxf6 Nxf6 15. Nd5 Nxd5 16. exd5 Qb6 17. h4 a5 18. Nd2 O-O-O 19. g3 Kb8 20. Kb1 Qc5 21. Nb3 Qxd5 22. Qf2 Qc6 23. Nxa5 Qc5 24. Qxc5 dxc5 25. Nxb7 {½-½ Gaudencio,F-Silva Sanchez,C (2407) Salvador Bahia zt 2000 (2)}) ({RR} 10... Rc8 11. Bd3 Qb6 12. Bf2 Nc5 13. Nd5 Nxd5 14. exd5 g6 15. f5 Nxd3+ 16. Rxd3 gxf5 17. Nxf5 Qc7 18. Qe2 Rg8 19. Bg3 Kd8 20. Re1 Qc4 21. Nxe7 Qxa2 22. Nxc8 Kxc8 23. Rc3+ Kb8 24. Qe8+ Ka7 25. Bf2# {1-0 Li,Y (1468)-Zhang,L Chinese Youth G14 2024 (2.15)}) 11. Nb3 Qc7 12. Bd3 e6 13. Rhe1 Be7 14. Qg3 g5 15. fxg5 Nh5 16. Qe3 O-O-O 17. g4 hxg5 18. Bxg5 Nhf6 19. h3 Rdg8 20. Bxf6 Bxf6 21. Kb1 Bxc3 22. bxc3 Qxc3 23. Bxb5 Qxe3 24. Bxd7+ Kxd7 25. Rxe3 Ke7 26. Rd4 Rg5 27. Rb4 Bc6 28. Nd4 Ba8 29. Rb6 Ra5 30. Nc6+ Bxc6 31. Rxc6 Kd7 32. Rb6 Rb5+ 33. Rxb5 axb5 34. Kb2 Kc6 35. Rc3+ Kb6 36. Kb3 Ra8 37. Rf3 Ra7 38. h4 Ra4 39. Rxf7 Rxe4 40. Rg7 Re3+ 41. Kb4 Rh3 42. h5 Kc6 43. Rg6 Rh4 44. h6 e5 45. Kc3 Kd5 46. g5 e4 47. Rg7 b4+ 48. Kd2 Kd4 49. h7 e3+ 50. Ke2 Rh2+ 51. Kf3 e2 52. Re7 e1=Q 53. Rxe1 Rxh7 54. Rb1 Kc4 55. g6 Ra7 56. Rg1 Rg7 1-0

[Event "45th Olympiad 2024"]
[Site "Budapest HUN"]
[Date "2024.09.14"]
[Round "4.57"]
[Board "2"]
[White "Zebaze Dongmo Loic Dylane"]
[Black "Nader Obeid"]
[Result "1-0"]
[WhiteElo "1914"]
[BlackElo "2083"]
[PlyCount "73"]
[EventDate "2024.09.11"]
[WhiteTeam "Cameroon"]
[BlackTeam "Sudan"]
[WhiteTeamCountry "CAM"]
[BlackTeamCountry "SUD"]

1. d4 d5 2. Bf4 Nf6 3. Nc3 c6 4. e3 g6 5. Nf3 Bg7 6. h4 ({RR} 6. h3 Bf5 7. Bd3 Bxd3 8. cxd3 Nbd7 9. e4 O-O 10. e5 Ne8 11. h4 c5 12. dxc5 Nxc5 13. d4 Ne4 14. h5 Nxc3 15. bxc3 Qd7 16. Qd2 Qf5 17. Nh4 Qe6 18. Kf1 a5 19. Rb1 b5 20. Rxb5 Qa6 {½-½ Vitiugov,N (2720)-Saric,I (2690) Gibraltar Masters 17th 2019 (8)}) 6... Bg4 7. Qd2 Nbd7 $146 ({RR} 7... Bxf3 8. gxf3 Nbd7 9. Bd3 Nh5 10. Bh2 e5 11. dxe5 Nxe5 12. Bxe5 Bxe5 13. O-O-O Qa5 14. f4 Bxc3 15. Qxc3 Qxc3 16. bxc3 Rd8 17. c4 d4 18. Be2 Ng7 19. exd4 Ne6 20. f5 Nxd4 21. Rhe1 O-O 22. fxg6 {0-1 Braun,C (2400)-Bologan,V (2598) Titled Tue 3rd Sep Early 2024 (2)}) 8. Ne5 Nxe5 9. Bxe5 Ne4 10. Nxe4 Bxe5 11. dxe5 dxe4 12. Qc3 O-O 13. Be2 Bxe2 14. Kxe2 Qd7 15. f3 Rad8 16. h5 Qf5 17. hxg6 exf3+ 18. gxf3 fxg6 19. Raf1 Rd5 20. Qc4 e6 21. Rh4 Rfd8 22. f4 Rd2+ 23. Kf3 h5 24. e4 Qf7 25. Rg1 Kh7 26. Qc5 Rg8 27. Rg5 Rd1 28. Qc4 Qd7 29. Qc5 b6 30. Qa3 Rf1+ 31. Kg2 Rc1 32. Qf3 Rxc2+ 33. Kh3 Qf7 34. f5 exf5 35. exf5 Rf8 36. fxg6+ Qxg6 37. Rhxh5+ 1-0

[Event "45th Olympiad 2024"]
[Site "Budapest HUN"]
[Date "2024.09.14"]
[Round "4.57"]
[Board "3"]
[White "Hamid Ibrahim"]
[Black "Amba Oyon Marius Claude"]
[Result "1/2-1/2"]
[WhiteElo "2090"]
[BlackElo "1975"]
[PlyCount "184"]
[EventDate "2024.09.11"]
[WhiteTeam "Sudan"]
[BlackTeam "Cameroon"]
[WhiteTeamCountry "SUD"]
[BlackTeamCountry "CAM"]

1. d4 Nf6 2. Nf3 g6 3. Bf4 Bg7 4. h3 c5 5. c3 O-O 6. e3 b6 7. Nbd2 Bb7 8. Be2 d6 9. O-O Nbd7 10. a4 a6 11. Qb3 Rb8 ({RR} 11... Qb8 12. Bh2 Bc6 13. c4 cxd4 14. exd4 e5 15. Rfd1 Re8 16. Nf1 Nh5 17. dxe5 Nc5 18. Qc2 dxe5 19. b4 Ne6 20. Ne3 Nhf4 21. Nd5 Qb7 22. Bxf4 exf4 23. Rac1 Rad8 24. a5 bxa5 25. bxa5 Bxd5 26. cxd5 {0-1 Renner,C (2420)-Bobras,P (2535) Bundesliga 1011 2010 (12.4)}) 12. Rfd1 Qc8 ({RR} 12... Re8 13. Ng5 Rf8 14. Bc4 d5 15. Be2 Rc8 16. c4 cxd4 17. exd4 h6 18. Ngf3 e6 19. c5 Rc6 20. Rac1 Qa8 21. cxb6 Rxb6 22. Qa3 Rc8 23. Rxc8+ Qxc8 24. b4 Bf8 25. Rc1 Bc6 26. a5 Bxb4 27. Qa4 {0-1 Trangoni,B (1933)-Gruden,M (1773) Bassano del Grappa op 10 2020 (3)}) 13. Rac1 $146 ({RR} 13. Bh2 Bd5 14. Qc2 cxd4 15. exd4 Bb7 16. Bd3 Re8 17. Re1 Ra8 18. Re2 Nf8 19. Rae1 Qc7 20. Ng5 h6 21. Nge4 Nxe4 22. Bxe4 Bxe4 23. Rxe4 Qd7 24. Nc4 Qc6 25. d5 Qxd5 26. Nxb6 Qb7 27. Nxa8 Ne6 {1-0 San Diego,M (2033)-Ananya,S (1853) Wch U20 Girls 32nd 2014 (6)}) ({RR} 13. c4 cxd4 14. exd4 Re8 15. Bf1 e5 16. Be3 Nh5 17. Rac1 exd4 18. Bxd4 Nc5 19. Qa3 Qd7 20. Bxg7 Nxg7 21. b3 Nh5 22. Re1 Nf4 23. Rxe8+ Rxe8 24. Ra1 Ne4 25. Nxe4 Bxe4 26. b4 Qf5 27. Re1 Bc6 {½-½ Quast,M (2281)-Seuffert,G (2284) Oberliga Bayern 1718 2017 (4.2)}) 13... Bc6 14. c4 cxd4 15. exd4 e5 16. Be3 exd4 17. Nxd4 Nc5 18. Qa3 Bxa4 19. b3 Bd7 20. b4 Ne6 21. Nxe6 Bxe6 22. c5 dxc5 23. bxc5 b5 24. Bf4 Ra8 25. Nb3 Nd5 26. Bd6 b4 27. Qa4 Nc3 28. Rxc3 bxc3 29. Nd4 Rd8 30. Bf3 Rb8 31. Qc2 Bxd4 32. Rxd4 Rxd6 33. cxd6 Bb3 34. Qc1 c2 35. Be4 Ba4 36. d7 Qc7 37. Bxc2 Bxd7 38. Qd1 Be6 39. Be4 a5 40. Bd5 Bxd5 41. Rxd5 Qc3 42. Rd3 Qb4 43. Rd8+ Rxd8 44. Qxd8+ Kg7 45. Qe8 Qc3 46. g3 Qa1+ 47. Kg2 a4 48. h4 h5 49. g4 Qd4 50. gxh5 gxh5 51. Qe7 Qf6 52. Qb4 Qg6+ 53. Kh2 Qc2 54. Qd4+ Kh7 55. Qf4 Kg7 56. Qe5+ Kf8 57. Qb8+ Ke7 58. Qe5+ Kd7 59. Qd5+ Kc8 60. Qa8+ Kd7 61. Qd5+ Kc7 62. Qxf7+ Kb6 63. Qe6+ Kb7 64. Qd5+ Kb6 65. Qd6+ Qc6 66. Qb4+ Ka6 67. Kg1 Qg6+ 68. Kh2 Qg4 69. Qd6+ Kb5 70. Qd5+ Kb4 71. Qd2+ Kb3 72. Qd3+ Kb2 73. Qd2+ Kb1 74. Qd3+ Kc1 75. Qc3+ Kd1 76. Qd3+ Ke1 77. Qc3+ Kxf2 78. Qc5+ Ke1 79. Qc3+ Ke2 80. Qc2+ Ke3 81. Qc3+ Ke4 82. Qc4+ Ke5 83. Qc7+ Ke6 84. Qc6+ Kf7 85. Qc7+ Kf8 86. Qd8+ Kg7 87. Qe7+ Kh6 88. Qf6+ Kh7 89. Qf7+ Kh8 90. Qf8+ Kh7 91. Qf7+ Kh8 92. Qf8+ Kh7 1/2-1/2

[Event "45th Olympiad 2024"]
[Site "Budapest HUN"]
[Date "2024.09.14"]
[Round "4.57"]
[Board "4"]
[White "Makem Pierre"]
[Black "Eltag, Siddig"]
[Result "0-1"]
[WhiteElo "1860"]
[BlackElo "2138"]
[PlyCount "58"]
[EventDate "2024.09.11"]
[WhiteTeam "Cameroon"]
[BlackTeam "Sudan"]
[WhiteTeamCountry "CAM"]
[BlackTeamCountry "SUD"]

1. d4 Nf6 2. Nc3 d5 3. Bf4 e6 4. e3 Be7 5. g4 c6 ({RR} 5... Bd6 6. g5 Nfd7 7. Nf3 Qe7 8. Qd2 a6 9. O-O-O b5 10. h4 Bb7 11. h5 c5 12. Bxd6 Qxd6 13. dxc5 Qxc5 14. Bh3 b4 15. Ne2 Nc6 16. g6 hxg6 17. hxg6 f5 18. Nf4 Qe7 19. Bxf5 Rxh1 20. Rxh1 {1-0 Tsydypov,Z (2534)-Vidit,S (2730) World Blitz 2022 (19.20)}) ({RR} 5... h6 6. h4 a6 7. Qf3 c5 8. g5 Ng8 9. Qg3 cxd4 10. exd4 Nc6 11. g6 f5 12. Bc7 Qd7 13. O-O-O Nf6 14. h5 O-O 15. f3 b5 16. Kb1 Ne8 17. Be5 Nd6 18. Bxd6 Bxd6 19. f4 Qc7 20. Nce2 {½-½ Meessen,R (2169)-Guion,G (1998) TCh-BEL 2023-24 (8.6)}) 6. Bd3 $146 ({RR} 6. g5 Nfd7 7. h4 f6 8. Nf3 b6 9. gxf6 Nxf6 10. Ne5 Bd6 11. Rg1 Qe7 12. Bd3 h6 13. Ng6 Qc7 14. Bxd6 Qxd6 15. Nxh8 Qf8 16. Ng6 Qf7 17. Ne5 Qe7 18. Qe2 Bb7 19. O-O-O Nbd7 20. e4 O-O-O {1-0 Klimciauskas,D (2197)-Millard,C (1252) Titled Tuesday intern op 30th June blitz 2020 (2)}) 6... Na6 7. a3 c5 8. Qf3 c4 9. Be2 Qa5 10. Kf1 Bd7 11. Qg3 b5 12. g5 Ng8 13. Kg2 b4 14. Nb1 Rc8 15. Be5 f6 16. gxf6 Nxf6 17. Nh3 c3 18. bxc3 bxc3 19. Bd6 Bxd6 20. Qxd6 Ne4 21. Qxa6 Qd8 22. f3 e5 23. Bb5 O-O 24. Bxd7 Qxd7 25. Rg1 Rxf3 26. Qxc8+ Qxc8 27. Kxf3 Qxh3+ 28. Rg3 Qf1+ 29. Kg4 g6 0-1

[Event "45th Olympiad 2024"]
[Site "Budapest HUN"]
[Date "2024.09.14"]
[Round "4.58"]
[Board "1"]
[White "Al-Ali, Hussein Ali Hussein"]
[Black "Al Maashani, Amer"]
[Result "1-0"]
[WhiteElo "2122"]
[BlackElo "1979"]
[PlyCount "81"]
[EventDate "2024.09.11"]
[WhiteTeam "Iraq"]
[BlackTeam "Oman"]
[WhiteTeamCountry "IRQ"]
[BlackTeamCountry "OMN"]

1. c4 Nf6 2. Nc3 c5 3. g3 e6 4. Bg2 d5 5. Nf3 d4 6. Na4 Nc6 7. O-O Be7 8. d3 O-O ({RR} 8... Nd7 9. e3 O-O 10. exd4 cxd4 11. a3 a5 12. Re1 Ra7 13. Nd2 Nb6 14. Nxb6 Qxb6 15. Ne4 a4 16. Rb1 Na5 17. c5 Qb3 18. Qe2 Qb5 19. Bf4 Nb3 20. Bd6 Bxd6 21. cxd6 Bd7 22. Nd2 Nxd2 23. Qxd2 {½-½ Bocharov,D (2595)-Zvjaginsev,V (2662) Moscow Aeroflot op-A 15th 2016 (2)}) 9. a3 e5 10. Qc2 $146 ({RR} 10. e4 a6 11. b3 b5 12. Nb2 Ne8 13. Nd2 Nd6 14. f4 Rb8 15. Nf3 f6 16. Rf2 Bd7 17. Qf1 bxc4 18. bxc4 Qc8 19. h4 Nf7 20. Ra2 Na5 21. Bd2 Nb3 22. Be1 exf4 23. gxf4 Bd6 24. Nh2 Qc7 {1-0 Resende,A (2350)-Tsuboi,E (2335) Sao Paulo CCM CXSP 1995 (7)}) ({RR} 10. Rb1 Nd7 11. e4 a6 12. b3 b5 13. Nb2 Nb6 14. Bd2 Bd7 15. Ne1 Rb8 16. f4 bxc4 17. bxc4 Nxc4 18. dxc4 {1-0 Mirzoev,A (2447)-Aukhatov,R (2217) Titled Tue 9th Jan Early 2024 (5)}) ({RR} 10. Bg5 Ne8 11. Bxe7 Qxe7 12. Qb1 Rb8 13. Nd2 Bd7 14. b4 cxb4 15. axb4 Nxb4 16. Qb3 Nc7 17. Rfb1 Nba6 18. Qa3 Qxa3 19. Rxa3 b5 20. Nb2 Rfd8 21. Rba1 Bc8 22. cxb5 Rxb5 23. Nbc4 f6 24. Na5 Nb4 {0-1 Nouri,H (2426)-Mahjoob,M (2479) Asia-ch 6th Cebu 2007 (6)}) 10... Re8 11. Bd2 Bf8 12. Ng5 h6 13. Ne4 Nxe4 14. dxe4 Bg4 15. f3 Be6 16. b3 a6 17. Nb2 b5 18. Nd3 bxc4 19. bxc4 f5 20. f4 Rc8 21. fxe5 fxe4 22. Bxe4 Bh3 23. Bd5+ Be6 24. Bg2 Ne7 25. Be4 Qc7 26. Nf4 Qxe5 27. Nxe6 Qxe6 28. Rab1 Rb8 29. e3 Kh8 30. exd4 Rxb1 31. Rxb1 cxd4 32. Qd3 Ng8 33. Bd5 Qg4 34. Bf3 Qd7 35. Rb7 Qd6 36. a4 a5 37. Kg2 Ne7 38. Be4 Nc6 39. Rb6 Rc8 40. Qf3 Ne5 41. Qf5 1-0

[Event "45th Olympiad 2024"]
[Site "Budapest HUN"]
[Date "2024.09.14"]
[Round "4.58"]
[Board "2"]
[White "Al Maashani, Abdullah"]
[Black "Zozek Salah Mohammed"]
[Result "0-1"]
[WhiteElo "1893"]
[BlackElo "2180"]
[PlyCount "122"]
[EventDate "2024.09.11"]
[WhiteTeam "Oman"]
[BlackTeam "Iraq"]
[WhiteTeamCountry "OMN"]
[BlackTeamCountry "IRQ"]

1. e4 e6 2. d3 d5 3. Nd2 Nf6 4. Ngf3 Bc5 5. e5 Nfd7 6. d4 Be7 7. Bd3 c5 8. c3 Nc6 9. Bb1 ({RR} 9. a3 Qb6 10. Qa4 a6 11. b4 cxb4 12. cxb4 Nxd4 13. Bb2 Nxf3+ 14. Nxf3 O-O 15. Qc2 h6 16. Bd4 Qd8 17. Qd2 a5 18. O-O b6 19. Be3 Ba6 20. b5 Bb7 21. Bxh6 Nc5 22. Bf4 d4 23. Rad1 Bxf3 {0-1 Neelotpal,D (2509)-Ganguly,S (2562) Asia-ch 5th Hyderabad 2005 (8)}) 9... b5 ({RR} 9... Nb6 10. O-O c4 11. a4 Na5 12. b4 cxb3 13. Nxb3 Nbc4 14. Nxa5 Qxa5 15. Qb3 Bd7 16. Qxb7 Nb6 17. Bd2 a6 18. Bd3 O-O 19. c4 Bb4 20. Bxb4 Qxb4 21. Rfb1 Qc3 22. Qxb6 Qxd3 23. c5 Rfc8 24. Rb3 {½-½ Lourenco,V (1696)-Braganca,J (1215) III Niteroi Chess Open 2023 (5.45)}) 10. O-O a5 $146 ({RR} 10... b4 11. Re1 Qb6 12. Nf1 Rb8 13. Ng3 bxc3 14. bxc3 Na5 15. Nh5 g6 16. Nf4 Nc4 17. h4 cxd4 18. cxd4 Bb4 19. Re2 Bc3 20. Nxd5 exd5 21. e6 fxe6 22. Bxg6+ hxg6 23. Qd3 Bxa1 24. Qxg6+ Kd8 25. Rxe6 {0-1 Esswein,K (2160)-Nussbaum,S Oberliga Sued W 9798 1997}) ({RR} 10... Qb6 11. Nb3 c4 12. Nbd2 a5 13. a4 b4 14. Re1 Bb7 15. Nf1 h6 16. h3 O-O-O 17. Ne3 Rdg8 18. Nh2 Nd8 19. Nef1 f5 20. exf6 gxf6 21. Ne3 Bd6 22. Nf3 Bb8 23. cxb4 axb4 24. a5 Qd6 25. Nf1 {0-1 Viola,E (1878)-Schmuki,R (2038) Kaltern Trophy-A 2nd 2017 (5)}) 11. a4 b4 12. Re1 Qb6 13. Nf1 Ba6 14. Ng3 Rb8 15. dxc5 Bxc5 16. Be3 bxc3 17. bxc3 Qb2 18. Bd3 Bxd3 19. Qxd3 Ncxe5 20. Qd1 Bxe3 21. Rxe3 Nxf3+ 22. gxf3 Nf6 23. Nf5 O-O 24. Ne7+ Kh8 25. Nc6 Rbc8 26. Nxa5 Rxc3 27. Rxc3 Qxc3 28. Nb3 Rb8 29. Rb1 h5 30. a5 Qc4 31. Nd2 Rxb1 32. Qxb1 Qe2 33. Qa2 Qa6 34. Qa4 d4 35. Nb3 d3 36. Nc5 Qd6 37. Nxd3 Qxd3 38. a6 Qxf3 39. a7 Qa8 40. Qa5 Nd5 41. Kf1 Kh7 42. Ke2 g6 43. Kd3 Nb4+ 44. Qxb4 Qxa7 45. Qf4 Qa3+ 46. Kc2 Qa2+ 47. Kc3 Qa1+ 48. Kc2 Kg7 49. h4 Qf6 50. Qg3 Qd4 51. Qh2 e5 52. f3 Qf4 53. Qh1 f5 54. Kb3 Qe3+ 55. Kb4 e4 56. Qa1+ Kh7 57. Qf6 Qd2+ 58. Kc5 Qd7 59. fxe4 fxe4 60. Qg5 e3 61. Kb6 Qe6+ 0-1

[Event "45th Olympiad 2024"]
[Site "Budapest HUN"]
[Date "2024.09.14"]
[Round "4.58"]
[Board "3"]
[White "Salih, Akar Ali Salih"]
[Black "Al Busaidi, Hamood"]
[Result "1-0"]
[WhiteElo "2174"]
[BlackElo "1881"]
[PlyCount "79"]
[EventDate "2024.09.11"]
[WhiteTeam "Iraq"]
[BlackTeam "Oman"]
[WhiteTeamCountry "IRQ"]
[BlackTeamCountry "OMN"]

1. e4 {Lukacs,Peter} c6 2. d4 d5 3. e5 Bf5 4. Nc3 e6 5. g4 Bg6 6. Nge2 c5 7. h4 h5 8. Nf4 Bh7 ({RR} 8... Nc6 9. Nxg6 fxg6 10. Ne2 Qb6 ({RR} 10... cxd4) 11. Nf4 cxd4 12. Bd3 ({RR} 12. Nxg6) 12... Nxe5 13. Nxg6 Nxg6 14. Bxg6+ Kd7 15. gxh5 Bb4+) 9. Nxh5 ({RR} 9. g5) 9... Nc6 ({RR} 9... cxd4) 10. dxc5 ({RR} 10. Bb5 cxd4 11. Qxd4 Nge7 12. Bh6 ({RR} 12. Bg5 a6 ({RR} 12... Bxc2 13. Rc1 Qd7) 13. Bxc6+ Nxc6 14. Qa4 ({RR} 14. Qd2 Qc7) ({RR} 14. Qf4 Qc7 15. O-O Bg6 16. Rfe1 Bxh5 17. gxh5 Rxh5) 14... b5 15. Qf4 Qc7 16. O-O ({RR} 16. O-O-O b4) 16... Bg6 17. Ng3 Qxe5 18. Qd2 Bc5) 12... Rg8 13. O-O-O a6 14. Bxc6+ Nxc6 15. Qf4 ({RR} 15. Qe3 Qa5) 15... Qa5 16. Qa4 ({RR} 16. Rhe1 Nb4 17. a3 Rc8 18. axb4 Qa1+ 19. Kd2 Qxb2) ({RR} 16. Kb1 Nb4 17. Rc1 Rc8 18. a3 Nxc2 19. Rxc2 Rxc3) 16... Qxa4 17. Nxa4 gxh6 18. Nf6+ Ke7 19. Nxh7 Nxe5 ({RR} 19... Rxg4 20. Nb6 Rd8 21. Nf6 Rf4 22. Ng8+ Ke8 23. Nf6+) 20. g5 Ng4) 10... a6 ({RR} 10... Bxc5 11. Bb5 ({RR} 11. Bd3 Bxd3 12. Qxd3 ({RR} 12. cxd3) 12... g6) ({RR} 11. Nxg7+ Kf8 12. Nh5 Qb6 ({RR} 12... d4 13. Na4 Be7 14. Bf4 b5 15. Bxb5 Qd5) 13. Rh2 Nxe5 14. f4) ({RR} 11. Bg2) 11... Qc7 ({RR} 11... Qb6 12. Bxc6+ ({RR} 12. Qe2 a6 ({RR} 12... Kf8 13. Na4) 13. Bxc6+ Qxc6 14. f3 Kf8) 12... bxc6 13. Qd2 ({RR} 13. Nxg7+ Kf8 14. Nh5 Bxf2+) 13... Bf8 14. Ng3) ({RR} 11... Kf8 12. Bxc6 bxc6 13. Na4 Be7 ({RR} 13... Be4 14. Rh3) 14. Be3 Bg6 15. Nf4 Be4 16. f3 ({RR} 16. Rh3 Qa5+ 17. c3 Rxh4 18. Rxh4 Bxh4 19. Nc5) 16... Qa5+ 17. c3 Rxh4 18. Rxh4 Bxh4+ 19. Bf2 Bxf2+ 20. Kxf2 Bh7 21. b4 Qb5 22. Nc5) 12. Bxc6+ ({RR} 12. Qe2 Kf8) 12... Qxc6 ({RR} 12... bxc6 13. f4 ({RR} 13. Nxg7+ Kf8 14. Nh5 Qxe5+ 15. Kf1) 13... Kf8 14. Ng3) 13. Qf3 ({RR} 13. Qe2 d4) ({RR} 13. Rh2 d4 14. Ne2 O-O-O) 13... O-O-O ({RR} 13... Kf8 14. Be3 ({RR} 14. Bd2 Bxc2 15. Rc1 Bh7) 14... Bb4 ({RR} 14... d4 15. Qxc6 bxc6 16. Na4 Be4 17. Rh3) 15. O-O Bxc3 16. bxc3 Bxc2 ({RR} 16... Qxc3 17. Nxg7 Qc6 18. Nh5) 17. Qf4 ({RR} 17. Bc1 Ne7) 17... Ne7 18. Qb4 a5 19. Qa3 Qc7) 14. Nxg7 ({RR} 14. Bg5 f6 15. exf6 gxf6 16. Bxf6 ({RR} 16. Nxf6 Rf8 17. O-O-O Bb4) 16... Rf8 ({RR} 16... Nxf6 17. Nxf6 Bxc2 18. Rc1 Bg6 19. h5 Be8 20. g5) 17. g5 Bg6 18. Nf4 ({RR} 18. Ng3 Nxf6 19. gxf6 Bd4) 18... Nxf6 19. Nxg6 Ne4) 14... d4 ({RR} 14... Bb4 15. Rh3 d4 16. a3 ({RR} 16. Qxc6+ bxc6 17. a3 Bf8) 16... Bxc3+ ({RR} 16... Bf8 17. Qxf7) 17. bxc3 Qc7 18. Bf4 ({RR} 18. Qf4 d3) ({RR} 18. Bg5 d3) 18... d3 ({RR} 18... Ne7 19. Rd1) 19. Rd1 dxc2 20. Rxd8+ Qxd8) 15. Qxc6+ bxc6 16. Na4 ({RR} 16. Bg5 dxc3 17. Bxd8 cxb2 18. Rb1 Bd4) 16... Bf8 17. Nh5 Bxc2 18. b3 Rd5 19. Bf4 ({RR} 19. f4 Be7 ({RR} 19... Be4 20. Rh3 Bg6 21. Nf6 ({RR} 21. Ng3 f6) 21... Nxf6 22. exf6) 20. Bb2 Nh6 21. g5 Be4 22. Rh3 Nf5 23. Nf6 Bxf6 24. gxf6) 19... Bb4+ 20. Ke2 ({RR} 20. Kf1 d3) 20... d3+ 21. Kf3 d2 22. Rad1 ({RR} 22. Ke2 Rd4) 22... Ne7 ({RR} 22... Bxd1+ 23. Rxd1 Be7 24. Kg3) 23. Nf6 Rd3+ ({RR} 23... Bxd1+ 24. Rxd1) 24. Ke2 Nd5 ({RR} 24... Ng6 25. Bg3 Bxd1+ 26. Rxd1 Rd4 27. h5) 25. Bg5 {1-0 Topalov,V (2745)-Gelfand,B (2710) Candidates Tournament Gp1 2002 (2)} ({RR} 25. Bg3 Nxf6 26. exf6 Rd4 27. f3 Bxd1+ 28. Rxd1) ({RR} 25. Nxd5 Rxd5 ({RR} 25... Bxd1+ 26. Kxd3) 26. Rxd2 Bxd2 27. Bxd2 Rhd8 28. Bg5 ({RR} 28. Be3 Bd1+) 28... Rxe5+ 29. Be3 Red5)) ({RR} 10... Bxc5 11. Bg5 Qb6 12. Bb5 a6 13. Bxc6+ bxc6 14. Qf3 Bf8 15. O-O-O Rb8 16. b3 Ne7 17. Rhe1 Qa5 18. Na4 Nc8 19. Bd2 Qd8 20. Bc3 Bg6 21. Bd4 Bxh5 22. gxh5 Qxh4 23. Nc5 Qxh5 24. Qxh5 Rxh5 25. Nxa6 {0-1 Parpiev,I (2285)-Donchenko,A (2636) Titled Tue 13th Feb Early 2024 (6)}) 11. Na4 $146 ({RR} 11. Bg5 f6 12. exf6 gxf6 13. Bd2 Bxc5 14. Bg2 Qc7 15. Bf4 Bd6 16. Bxd6 Qxd6 17. Ng7+ Kd7 18. Nh5 Bg6 19. Ng3 Nge7 20. h5 Bh7 21. O-O Rhg8 22. f4 Rae8 23. Qe1 Rxg4 24. Bh3 Rxg3+ 25. Qxg3 Rg8 {0-1 Lamaze,S (2415)-Eljanov,P (2695) Titled Tue 10th Oct Early 2023 (5)}) ({RR} 11. Bd3 Nxe5 12. Bf4 Nxd3+ 13. cxd3 Bg6 14. d4 Bxh5 15. gxh5 Nf6 16. h6 g6 17. Qd2 Qd7 18. O-O-O Nh5 19. Be3 b6 20. Kb1 Be7 21. Ne2 Qb5 22. Ng3 bxc5 23. Nxh5 gxh5 24. dxc5 Bxc5 25. Qc3 d4 {1-0 Azarov,S (2588)-Hamitevici,V (2483) exe Slovakia Open 2023 (9.2)}) 11... Bg6 12. f4 Bxh5 13. gxh5 Be7 14. Bh3 Bxh4+ 15. Kf1 Nh6 16. Nb6 Rb8 17. c3 Qc7 18. Be3 Bd8 19. Qf3 Qe7 20. Rd1 Bxb6 21. cxb6 a5 22. Rd2 f5 23. Rg1 Rh7 24. Rg6 Ng8 25. c4 d4 26. Bxd4 Rd8 27. Be3 Rxd2 28. Bxd2 Kf7 29. Be3 Qb4 30. Qe2 Nge7 31. Rg5 Nc8 32. Bg2 Nxb6 33. Bxc6 bxc6 34. b3 Rh8 35. Qg2 Rh7 36. Qxc6 Nxc4 37. Qc7+ Ke8 38. Qxc4 Qe7 39. Qc8+ Kf7 40. Bc5 1-0